000 00538nam a22001697a 4500
999 _c526077
_d526077
003 NUST
020 _qHardcover.
038 _aMr. Zahoor
082 _a624.1
100 _aAkbar, Arslan
_917043
245 _aNano modified multi - functional cementitions motar with hybrid intrusions of cnts and gnps /
_cArslan Akbar
260 _aIslamabad :
_bSCEE - NUST,
_c2018.
300 _avii, 64 p. : ill. ;
_c30cm.
650 _aStructural Engineering - MS Thesis
_917039
700 _aDr. Rao Arslan Khushnood
_917044
942 _2ddc
_cTHE